<?xml version="1.0" encoding="UTF-8"?>
<collection xmlns="http://www.loc.gov/MARC21/slim">
 <record>
  <leader>07636cam a2200961   4500</leader>
  <controlfield tag="001">107537068X</controlfield>
  <controlfield tag="003">DE-627</controlfield>
  <controlfield tag="005">20230426162006.0</controlfield>
  <controlfield tag="007">tu</controlfield>
  <controlfield tag="008">850101s1969    xx ||||| m    00| ||fre c</controlfield>
  <datafield tag="035" ind1=" " ind2=" ">
   <subfield code="a">(DE-627)107537068X</subfield>
  </datafield>
  <datafield tag="035" ind1=" " ind2=" ">
   <subfield code="a">(DE-576)00537068X</subfield>
  </datafield>
  <datafield tag="035" ind1=" " ind2=" ">
   <subfield code="a">(DE-599)BSZ00537068X</subfield>
  </datafield>
  <datafield tag="035" ind1=" " ind2=" ">
   <subfield code="a">(OCoLC)66080862</subfield>
  </datafield>
  <datafield tag="035" ind1=" " ind2=" ">
   <subfield code="a">(DE-604)8029490189</subfield>
  </datafield>
  <datafield tag="035" ind1=" " ind2=" ">
   <subfield code="a">(DE-615)00295159</subfield>
  </datafield>
  <datafield tag="040" ind1=" " ind2=" ">
   <subfield code="a">DE-627</subfield>
   <subfield code="b">ger</subfield>
   <subfield code="c">DE-627</subfield>
   <subfield code="e">rakwb</subfield>
  </datafield>
  <datafield tag="041" ind1=" " ind2=" ">
   <subfield code="a">fre</subfield>
  </datafield>
  <datafield tag="082" ind1="0" ind2=" ">
   <subfield code="a">900</subfield>
  </datafield>
  <datafield tag="082" ind1="0" ind2=" ">
   <subfield code="a">9034</subfield>
  </datafield>
  <datafield tag="082" ind1="0" ind2=" ">
   <subfield code="a">944</subfield>
  </datafield>
  <datafield tag="084" ind1=" " ind2=" ">
   <subfield code="a">RA04.06</subfield>
   <subfield code="2">fivr</subfield>
  </datafield>
  <datafield tag="084" ind1=" " ind2=" ">
   <subfield code="a">RA05.01</subfield>
   <subfield code="2">fivr</subfield>
  </datafield>
  <datafield tag="084" ind1=" " ind2=" ">
   <subfield code="a">SA02</subfield>
   <subfield code="2">fivs</subfield>
  </datafield>
  <datafield tag="084" ind1=" " ind2=" ">
   <subfield code="a">NP 3420</subfield>
   <subfield code="2">rvk</subfield>
   <subfield code="0">(DE-625)rvk/127682:</subfield>
  </datafield>
  <datafield tag="084" ind1=" " ind2=" ">
   <subfield code="a">NK 7135</subfield>
   <subfield code="2">rvk</subfield>
   <subfield code="0">(DE-625)rvk/126176:</subfield>
  </datafield>
  <datafield tag="084" ind1=" " ind2=" ">
   <subfield code="a">QM 230</subfield>
   <subfield code="2">rvk</subfield>
   <subfield code="0">(DE-625)rvk/141771:</subfield>
  </datafield>
  <datafield tag="084" ind1=" " ind2=" ">
   <subfield code="a">NW 2335</subfield>
   <subfield code="2">rvk</subfield>
   <subfield code="0">(DE-625)rvk/131986:</subfield>
  </datafield>
  <datafield tag="084" ind1=" " ind2=" ">
   <subfield code="a">QG 201</subfield>
   <subfield code="2">rvk</subfield>
   <subfield code="0">(DE-625)rvk/141466:</subfield>
  </datafield>
  <datafield tag="084" ind1=" " ind2=" ">
   <subfield code="a">QF 520</subfield>
   <subfield code="2">rvk</subfield>
   <subfield code="0">(DE-625)rvk/141365:</subfield>
  </datafield>
  <datafield tag="084" ind1=" " ind2=" ">
   <subfield code="a">QF 542</subfield>
   <subfield code="2">rvk</subfield>
   <subfield code="0">(DE-625)rvk/141367:</subfield>
  </datafield>
  <datafield tag="084" ind1=" " ind2=" ">
   <subfield code="a">NP 3430</subfield>
   <subfield code="2">rvk</subfield>
   <subfield code="0">(DE-625)rvk/127684:</subfield>
  </datafield>
  <datafield tag="084" ind1=" " ind2=" ">
   <subfield code="a">15.36</subfield>
   <subfield code="2">bkl</subfield>
  </datafield>
  <datafield tag="100" ind1="1" ind2=" ">
   <subfield code="a">Poidevin, Raymond</subfield>
   <subfield code="d">1928-2000</subfield>
   <subfield code="0">(DE-588)119367602</subfield>
   <subfield code="0">(DE-627)080178464</subfield>
   <subfield code="0">(DE-576)162583389</subfield>
   <subfield code="4">aut</subfield>
  </datafield>
  <datafield tag="245" ind1="1" ind2="4">
   <subfield code="a">Les relations économiques et financières entre la France et l'Allemagne de 1898 à 1914</subfield>
   <subfield code="c">Raymond Poidevin</subfield>
  </datafield>
  <datafield tag="264" ind1=" " ind2="1">
   <subfield code="a">Paris</subfield>
   <subfield code="b">Colin</subfield>
   <subfield code="c">1969</subfield>
  </datafield>
  <datafield tag="300" ind1=" " ind2=" ">
   <subfield code="a">XIII, 917 S.</subfield>
   <subfield code="b">graph. Darst.</subfield>
  </datafield>
  <datafield tag="336" ind1=" " ind2=" ">
   <subfield code="a">Text</subfield>
   <subfield code="b">txt</subfield>
   <subfield code="2">rdacontent</subfield>
  </datafield>
  <datafield tag="337" ind1=" " ind2=" ">
   <subfield code="a">ohne Hilfsmittel zu benutzen</subfield>
   <subfield code="b">n</subfield>
   <subfield code="2">rdamedia</subfield>
  </datafield>
  <datafield tag="338" ind1=" " ind2=" ">
   <subfield code="a">Band</subfield>
   <subfield code="b">nc</subfield>
   <subfield code="2">rdacarrier</subfield>
  </datafield>
  <datafield tag="502" ind1=" " ind2=" ">
   <subfield code="a">Zugl.: Paris, Univ., Diss., 1969</subfield>
  </datafield>
  <datafield tag="650" ind1="0" ind2="7">
   <subfield code="0">(DE-588)4068297-3</subfield>
   <subfield code="0">(DE-627)104713542</subfield>
   <subfield code="0">(DE-576)209173440</subfield>
   <subfield code="a">Wirtschaftsbeziehungen</subfield>
   <subfield code="2">gnd</subfield>
  </datafield>
  <datafield tag="650" ind1="0" ind2="7">
   <subfield code="0">(DE-588)4162044-6</subfield>
   <subfield code="0">(DE-627)105465380</subfield>
   <subfield code="0">(DE-576)209870532</subfield>
   <subfield code="a">Internationale Kapitalbewegung</subfield>
   <subfield code="2">gnd</subfield>
  </datafield>
  <datafield tag="650" ind1="0" ind2="7">
   <subfield code="0">(DE-588)4003832-4</subfield>
   <subfield code="0">(DE-627)106388525</subfield>
   <subfield code="0">(DE-576)208852913</subfield>
   <subfield code="a">Außenhandel</subfield>
   <subfield code="2">gnd</subfield>
  </datafield>
  <datafield tag="650" ind1="0" ind2="7">
   <subfield code="0">(DE-588)4178251-3</subfield>
   <subfield code="0">(DE-627)105342874</subfield>
   <subfield code="0">(DE-576)209983205</subfield>
   <subfield code="a">Rivalität</subfield>
   <subfield code="2">gnd</subfield>
  </datafield>
  <datafield tag="650" ind1="0" ind2="7">
   <subfield code="0">(DE-588)4072885-7</subfield>
   <subfield code="0">(DE-627)106093932</subfield>
   <subfield code="0">(DE-576)209188553</subfield>
   <subfield code="a">Internationale Politik</subfield>
   <subfield code="2">gnd</subfield>
  </datafield>
  <datafield tag="650" ind1="0" ind2="7">
   <subfield code="0">(DE-588)4003856-7</subfield>
   <subfield code="0">(DE-627)106388479</subfield>
   <subfield code="0">(DE-576)208852980</subfield>
   <subfield code="a">Außenwirtschaft</subfield>
   <subfield code="2">gnd</subfield>
  </datafield>
  <datafield tag="650" ind1="0" ind2="7">
   <subfield code="0">(DE-588)4795237-4</subfield>
   <subfield code="0">(DE-627)394719972</subfield>
   <subfield code="0">(DE-576)216469082</subfield>
   <subfield code="a">Politisches Interesse</subfield>
   <subfield code="2">gnd</subfield>
  </datafield>
  <datafield tag="650" ind1="0" ind2="7">
   <subfield code="0">(DE-588)4123438-8</subfield>
   <subfield code="0">(DE-627)104180722</subfield>
   <subfield code="0">(DE-576)20955973X</subfield>
   <subfield code="a">Interessenkonflikt</subfield>
   <subfield code="2">gnd</subfield>
  </datafield>
  <datafield tag="650" ind1="0" ind2="7">
   <subfield code="0">(DE-588)4020517-4</subfield>
   <subfield code="0">(DE-627)106317768</subfield>
   <subfield code="0">(DE-576)208933697</subfield>
   <subfield code="a">Geschichte</subfield>
   <subfield code="2">gnd</subfield>
  </datafield>
  <datafield tag="650" ind1=" " ind2="4">
   <subfield code="a">Frankreich</subfield>
   <subfield code="x">Deutschland</subfield>
   <subfield code="x">Wirtschaftsbeziehungen zwischen Ländern</subfield>
   <subfield code="x">Internationale Kapitalverflechtung</subfield>
   <subfield code="x">Außenhandel</subfield>
   <subfield code="x">Rivalität von Staaten</subfield>
   <subfield code="x">Außenwirtschaftliche Interessen</subfield>
   <subfield code="x">Internationale wirtschaftliche Interessendivergenzen</subfield>
   <subfield code="x">Geschichtlicher Überblick</subfield>
  </datafield>
  <datafield tag="650" ind1=" " ind2="4">
   <subfield code="a">Kreditwirtschaft</subfield>
   <subfield code="x">Bank</subfield>
   <subfield code="x">Firmenniederlassung</subfield>
   <subfield code="x">Betrieblicher Außenhandel</subfield>
   <subfield code="x">Unternehmenspolitik</subfield>
   <subfield code="x">Außenhandelspolitik</subfield>
   <subfield code="x">Direktinvestition</subfield>
   <subfield code="x">Internationaler Wettbewerb</subfield>
   <subfield code="x">Internationale Wirtschaftszusammenarbeit</subfield>
   <subfield code="x">Regionale internationale Wirtschaftszusammenarbeit</subfield>
   <subfield code="x">Wirtschaftszusammenarbeit auf Drittmärkten</subfield>
   <subfield code="x">Marokko</subfield>
   <subfield code="x">Sektorale internationale Wirtschaftszusammenarbeit</subfield>
   <subfield code="x">Zollpolitik</subfield>
   <subfield code="x">Wechselbeziehungen Außenpolitik - Außenwirtschaftspolitik</subfield>
  </datafield>
  <datafield tag="651" ind1=" " ind2="7">
   <subfield code="0">(DE-588)4018145-5</subfield>
   <subfield code="0">(DE-627)106327232</subfield>
   <subfield code="0">(DE-576)208922857</subfield>
   <subfield code="a">Frankreich</subfield>
   <subfield code="2">gnd</subfield>
  </datafield>
  <datafield tag="651" ind1=" " ind2="7">
   <subfield code="0">(DE-588)4011882-4</subfield>
   <subfield code="0">(DE-627)104704861</subfield>
   <subfield code="0">(DE-576)208896155</subfield>
   <subfield code="a">Deutschland</subfield>
   <subfield code="2">gnd</subfield>
  </datafield>
  <datafield tag="655" ind1=" " ind2="7">
   <subfield code="a">Hochschulschrift</subfield>
   <subfield code="0">(DE-588)4113937-9</subfield>
   <subfield code="0">(DE-627)105825778</subfield>
   <subfield code="0">(DE-576)209480580</subfield>
   <subfield code="2">gnd-content</subfield>
  </datafield>
  <datafield tag="689" ind1="0" ind2="0">
   <subfield code="d">g</subfield>
   <subfield code="0">(DE-588)4011882-4</subfield>
   <subfield code="0">(DE-627)104704861</subfield>
   <subfield code="0">(DE-576)208896155</subfield>
   <subfield code="a">Deutschland</subfield>
   <subfield code="2">gnd</subfield>
  </datafield>
  <datafield tag="689" ind1="0" ind2="1">
   <subfield code="d">g</subfield>
   <subfield code="0">(DE-588)4018145-5</subfield>
   <subfield code="0">(DE-627)106327232</subfield>
   <subfield code="0">(DE-576)208922857</subfield>
   <subfield code="a">Frankreich</subfield>
   <subfield code="2">gnd</subfield>
  </datafield>
  <datafield tag="689" ind1="0" ind2="2">
   <subfield code="d">s</subfield>
   <subfield code="0">(DE-588)4066399-1</subfield>
   <subfield code="0">(DE-627)104346884</subfield>
   <subfield code="0">(DE-576)209164522</subfield>
   <subfield code="a">Wirtschaft</subfield>
   <subfield code="2">gnd</subfield>
  </datafield>
  <datafield tag="689" ind1="0" ind2="3">
   <subfield code="a">z</subfield>
   <subfield code="2">gnd</subfield>
   <subfield code="a">Geschichte 1898-1914</subfield>
  </datafield>
  <datafield tag="689" ind1="0" ind2=" ">
   <subfield code="5">(DE-627)</subfield>
  </datafield>
  <datafield tag="751" ind1=" " ind2=" ">
   <subfield code="a">Paris</subfield>
   <subfield code="0">(DE-588)4044660-8</subfield>
   <subfield code="0">(DE-627)106204734</subfield>
   <subfield code="0">(DE-576)209061790</subfield>
   <subfield code="4">uvp</subfield>
  </datafield>
  <datafield tag="787" ind1="0" ind2="8">
   <subfield code="i">Rezensiert in</subfield>
   <subfield code="a">Hartmann, Peter Claus, 1940 - </subfield>
   <subfield code="t">[Rezension von: Raymond Poidevin, Les relations économiques et financières entre la France et l’Allemagne de 1898 à 1914]</subfield>
   <subfield code="d">München : Wilhelm Fink Verlag, 1973</subfield>
   <subfield code="w">(DE-627)1577641698</subfield>
   <subfield code="w">(DE-576)507641698</subfield>
  </datafield>
  <datafield tag="936" ind1="r" ind2="v">
   <subfield code="a">NP 3420</subfield>
   <subfield code="b">Einzelbeiträge</subfield>
   <subfield code="k">Geschichte</subfield>
   <subfield code="k">Von der Restauration bis zum Ende des Ersten Weltkrieges (1815 - 1918)</subfield>
   <subfield code="k">Zeitalter des Imperialismus (1890 - 1914)</subfield>
   <subfield code="k">Allgemeines</subfield>
   <subfield code="k">Einzelbeiträge</subfield>
   <subfield code="0">(DE-627)1271469189</subfield>
   <subfield code="0">(DE-625)rvk/127682:</subfield>
   <subfield code="0">(DE-576)201469189</subfield>
  </datafield>
  <datafield tag="936" ind1="r" ind2="v">
   <subfield code="a">NK 7135</subfield>
   <subfield code="b">Frankreich</subfield>
   <subfield code="k">Geschichte</subfield>
   <subfield code="k">Weltgeschichte, Darstellungen Allgemeine Geschichte einzelner Staaten und Völker Teilgebiete der Geschichte, Sammelwerke</subfield>
   <subfield code="k">Geschichte der internationalen Beziehungen</subfield>
   <subfield code="k">Beziehungen zwischen Deutschland und anderen Staaten</subfield>
   <subfield code="k">Zu europäischen Staaten</subfield>
   <subfield code="k">Frankreich</subfield>
   <subfield code="0">(DE-627)1271463318</subfield>
   <subfield code="0">(DE-625)rvk/126176:</subfield>
   <subfield code="0">(DE-576)201463318</subfield>
  </datafield>
  <datafield tag="936" ind1="r" ind2="v">
   <subfield code="a">QM 230</subfield>
   <subfield code="b">Handelspolitik</subfield>
   <subfield code="k">Wirtschaftswissenschaften</subfield>
   <subfield code="k">Internationaler Handel. Zahlungsbilanz und Wechselkurse</subfield>
   <subfield code="k">Struktur des internationalen Handels</subfield>
   <subfield code="k">Handelspolitik</subfield>
   <subfield code="0">(DE-627)1271357496</subfield>
   <subfield code="0">(DE-625)rvk/141771:</subfield>
   <subfield code="0">(DE-576)201357496</subfield>
  </datafield>
  <datafield tag="936" ind1="r" ind2="v">
   <subfield code="a">NW 2335</subfield>
   <subfield code="b">Frankreich</subfield>
   <subfield code="k">Geschichte</subfield>
   <subfield code="k">Wirtschafts- und Sozialgeschichte</subfield>
   <subfield code="k">Allgemeine Wirtschafts- und Sozialgeschichte</subfield>
   <subfield code="k">Allgemeines zur Wirtschafts- und Sozialgeschichte einzelner Staaten</subfield>
   <subfield code="k">Europa</subfield>
   <subfield code="k">Außerdeutsche Staaten Europas</subfield>
   <subfield code="k">Frankreich</subfield>
   <subfield code="0">(DE-627)1271354667</subfield>
   <subfield code="0">(DE-625)rvk/131986:</subfield>
   <subfield code="0">(DE-576)201354667</subfield>
  </datafield>
  <datafield tag="936" ind1="r" ind2="v">
   <subfield code="a">QG 201</subfield>
   <subfield code="b">Wirtschaftskunde und Wirtschaftspolitik in Deutschland (einschließlich Stellungnahmen dazu) vor 1919</subfield>
   <subfield code="k">Wirtschaftswissenschaften</subfield>
   <subfield code="k">Wirtschaftskunde und Allgemeines. Länderstatistisches und regionalstatistisches Material. Wirtschaftspolitik (einschließlich Stellungnahmen dazu) in einzelnen Ländern</subfield>
   <subfield code="k">Europa</subfield>
   <subfield code="k">Deutschland</subfield>
   <subfield code="k">Wirtschaftskunde und Wirtschaftspolitik in Deutschland (einschließlich Stellungnahmen dazu) vor 1919</subfield>
   <subfield code="0">(DE-627)1271739453</subfield>
   <subfield code="0">(DE-625)rvk/141466:</subfield>
   <subfield code="0">(DE-576)201739453</subfield>
  </datafield>
  <datafield tag="936" ind1="r" ind2="v">
   <subfield code="a">QF 520</subfield>
   <subfield code="b">Deutschland</subfield>
   <subfield code="k">Wirtschaftswissenschaften</subfield>
   <subfield code="k">Wirtschafts- und Sozialgeschichte</subfield>
   <subfield code="k">Industrielle Revolution (1750-1914)</subfield>
   <subfield code="k">Europa</subfield>
   <subfield code="k">Deutschland</subfield>
   <subfield code="0">(DE-627)1271514028</subfield>
   <subfield code="0">(DE-625)rvk/141365:</subfield>
   <subfield code="0">(DE-576)201514028</subfield>
  </datafield>
  <datafield tag="936" ind1="r" ind2="v">
   <subfield code="a">QF 542</subfield>
   <subfield code="b">Frankreich</subfield>
   <subfield code="k">Wirtschaftswissenschaften</subfield>
   <subfield code="k">Wirtschafts- und Sozialgeschichte</subfield>
   <subfield code="k">Industrielle Revolution (1750-1914)</subfield>
   <subfield code="k">Europa</subfield>
   <subfield code="k">Frankreich</subfield>
   <subfield code="0">(DE-627)1271676761</subfield>
   <subfield code="0">(DE-625)rvk/141367:</subfield>
   <subfield code="0">(DE-576)201676761</subfield>
  </datafield>
  <datafield tag="936" ind1="r" ind2="v">
   <subfield code="a">NP 3430</subfield>
   <subfield code="b">Internationale Aspekte</subfield>
   <subfield code="k">Geschichte</subfield>
   <subfield code="k">Von der Restauration bis zum Ende des Ersten Weltkrieges (1815 - 1918)</subfield>
   <subfield code="k">Zeitalter des Imperialismus (1890 - 1914)</subfield>
   <subfield code="k">Allgemeines</subfield>
   <subfield code="k">Internationale Aspekte</subfield>
   <subfield code="0">(DE-627)1271157926</subfield>
   <subfield code="0">(DE-625)rvk/127684:</subfield>
   <subfield code="0">(DE-576)201157926</subfield>
  </datafield>
  <datafield tag="936" ind1="r" ind2="u">
   <subfield code="a">NW 2250</subfield>
   <subfield code="b">Mitteleuropa (allgemein und Darstellungen in den jeweiligen Grenzen des Reiches)</subfield>
   <subfield code="k">Geschichte</subfield>
   <subfield code="k">Wirtschafts- und Sozialgeschichte</subfield>
   <subfield code="k">Allgemeine Wirtschafts- und Sozialgeschichte</subfield>
   <subfield code="k">Allgemeines zur Wirtschafts- und Sozialgeschichte einzelner Staaten und Völker</subfield>
   <subfield code="k">Europa</subfield>
   <subfield code="k">Mitteleuropa (allgemein und Darstellungen in den jeweiligen Grenzen des Reiches)</subfield>
   <subfield code="0">(DE-627)1271492733</subfield>
   <subfield code="0">(DE-576)201492733</subfield>
   <subfield code="z">Ungueltig</subfield>
  </datafield>
  <datafield tag="936" ind1="b" ind2="k">
   <subfield code="a">15.36</subfield>
   <subfield code="j">Europäische Geschichte 1815-1914</subfield>
   <subfield code="q">coli-conc RVK-&gt;BK</subfield>
   <subfield code="q">https://coli-conc.gbv.de/api/mappings/74a16610-395f-4b72-89bb-58d4870ebd54</subfield>
   <subfield code="0">(DE-627)18157103X</subfield>
  </datafield>
  <datafield tag="936" ind1="f" ind2="i">
   <subfield code="0">(DE-627)1756131651</subfield>
   <subfield code="a">RA04.06</subfield>
   <subfield code="b">Frankreich</subfield>
   <subfield code="k">Europa</subfield>
   <subfield code="k">Westeuropa</subfield>
   <subfield code="k">Frankreich</subfield>
   <subfield code="2">fivr</subfield>
  </datafield>
  <datafield tag="936" ind1="f" ind2="i">
   <subfield code="0">(DE-627)1756131678</subfield>
   <subfield code="a">RA05.01</subfield>
   <subfield code="b">Deutschland</subfield>
   <subfield code="k">Europa</subfield>
   <subfield code="k">Mitteleuropa</subfield>
   <subfield code="k">Deutschland</subfield>
   <subfield code="2">fivr</subfield>
  </datafield>
  <datafield tag="936" ind1="f" ind2="i">
   <subfield code="0">(DE-627)1756135258</subfield>
   <subfield code="a">SA02</subfield>
   <subfield code="b">Geschichte</subfield>
   <subfield code="k">Allgemeine Literatur</subfield>
   <subfield code="k">Geschichte</subfield>
   <subfield code="2">fivs</subfield>
  </datafield>
  <datafield tag="936" ind1="f" ind2="i">
   <subfield code="a">ZGA722</subfield>
   <subfield code="b">1789 bis 1918</subfield>
   <subfield code="k">1789 bis 1918</subfield>
   <subfield code="q">DE-Lg3</subfield>
   <subfield code="2">fivw</subfield>
  </datafield>
  <datafield tag="951" ind1=" " ind2=" ">
   <subfield code="a">BO</subfield>
  </datafield>
  <datafield tag="990" ind1=" " ind2=" ">
   <subfield code="a">Deutschland</subfield>
  </datafield>
  <datafield tag="990" ind1=" " ind2=" ">
   <subfield code="a">Frankreich</subfield>
  </datafield>
  <datafield tag="990" ind1=" " ind2=" ">
   <subfield code="a">Wirtschaft</subfield>
  </datafield>
  <datafield tag="990" ind1=" " ind2=" ">
   <subfield code="a">Geschichte 1898-1914</subfield>
  </datafield>
  <datafield tag="991" ind1=" " ind2=" ">
   <subfield code="a">Rezensiertes Werk</subfield>
  </datafield>
  <datafield tag="999" ind1=" " ind2=" ">
   <subfield code="a">KXP-PPN107537068X</subfield>
   <subfield code="e">4649449979</subfield>
  </datafield>
 </record>
</collection>
